Sports Quiz

Random Sports or Basketball Quiz

Nba Champs 1986-2010 Quiz Stats

 Plays Quiz not verified by Sporcle

Challenge
Share
Tweet
Embed
Score 0/125 Timer 09:00
0 Plays Today
Ex; Jordan Ex; Bulls 1998 % Correct
Jordan
97%
Jordan
97%
Jordan
97%
Jordan
97%
Jordan
97%
Jordan
97%
2000 LakersOneal
96.6%
Bryant
96.6%
2001 LakersOneal
96.6%
Bryant
96.6%
2002 LakersOneal
96.6%
Bryant
96.6%
2006 HeatOneal
96.6%
Bryant
96.6%
Bryant
96.6%
Pippen
95.3%
Pippen
95.3%
Pippen
95.3%
Pippen
95.3%
Pippen
95.3%
Pippen
95.3%
Johnson
94.9%
Johnson
94.9%
Johnson
94.9%
Duncan
94.9%
Johnson
94.9%
Duncan
94.9%
Duncan
94.9%
Duncan
94.9%
Rodman
94.4%
Rodman
94.4%
Rodman
94.4%
Rodman
94.4%
Bird
92.7%
Thomas
91.5%
Thomas
91.5%
Parker
91%
Parker
91%
Parker
91%
1994 RocketsOlajuwon
90.6%
1995 RocketsOlajuwon
90.6%
1999 SpursRobinson
90.6%
Ex; Jordan Ex; Bulls 1998 % Correct
2003 SpursRobinson
90.6%
Fisher
89.7%
Fisher
89.7%
Fisher
89.7%
Fisher
89.7%
Pierce
89.3%
Gasol
89.3%
Gasol
89.3%
Allen
88.9%
Garnett
88.9%
Wade
87.6%
1986 CelticsParish
86.3%
Mchale
86.3%
1987 LakersAbdul Jabbar
85.9%
1988 LakersAbdul Jabbar
85.9%
2004 PistonsWallace
85.5%
Wallace
85.5%
Dumars
84.6%
Dumars
84.6%
2008 CelticsRondo
84.6%
Billups
83.8%
Worthy
82.9%
Worthy
82.9%
2009 LakersBynum
82.1%
2010 LakersBynum
82.1%
Ginobili
81.6%
Grant
81.2%
Grant
81.2%
Grant
81.2%
Horry
81.2%
Horry
81.2%
Grant
81.2%
Horry
81.2%
Perkins
81.2%
Hamilton
79.9%
1989 PistonsLaimbeer
76.9%
1990 PistonsLaimbeer
76.9%
Prince
76.1%
Smith
74.4%
Smith
74.4%
Harper
73.5%
Harper
73.5%
Ex; Jordan Ex; Bulls 1998 % Correct
Harper
73.5%
Harper
73.5%
Artest
73.5%
Fox
72.6%
Fox
72.6%
1996 BullsLongley
70.5%
1997 BullsLongley
70.5%
1998 BullsLongley
70.5%
1991 BullsCartwright
69.2%
1992 BullsCartwright
69.2%
1993 BullsCartwright
69.2%
Haslem
68.4%
Paxson
67.9%
Paxson
67.9%
Williams
67.9%
Armstrong
66.7%
Green
66.2%
Green
66.2%
Green
66.2%
Ainge
65%
Scott
64.1%
Scott
64.1%
Bowen
62.4%
Bowen
62.4%
Bowen
62.4%
Ariza
60.3%
Jackson
56%
Maxwell
54.3%
Maxwell
54.3%
Elliot
52.6%
Walker
51.3%
Rice
50.4%
Mahorn
44%
Thorpe
41.9%
Thorpe
41.9%
Finley
41.9%
Aguirre
40.6%
Elie
38.9%
2005 SpursMohammed
38.9%
2007 SpursOberto
38%
Edwards
35.5%

You're not logged in!

Compare scores with friends on all Sporcle quizzes.
OR
Log In

You Might Also Like...

Show Comments

Extras

Top Quizzes Today


Score Distribution

Your Account Isn't Verified!

In order to create a playlist on Sporcle, you need to verify the email address you used during registration. Go to your Sporcle Settings to finish the process.

Report this User

Report this user for behavior that violates our Community Guidelines.

Details: